La Namibie pour les touristes... - Statistiques

Statistiques générales
  • Ce quiz a été pris 15 fois
  • Le résultat moyen est 10 sur 20
Statistiques - réponses
Question Indice Réponses % Correct
Quelle est la langue officielle ? Anglais
100%
Dans la capitale quel est le décalage horaire avec Paris ? (+ ou - et chiffre) ex - 10 0
80%
Citez une des autres langues reconnues Afrikaans | Allemand | Héréro | Khoikhoi [ Oshiwambo | Lozi | Kwangali | Tsawana
80%
Ce pays est plus grand que la France (oui/non) Oui
80%
Quel est le régime du pays ? R République
80%
Le suffixe internet est na
73%
Le principal aéroport est W Windhoek
73%
Quel pays a accordé son indépendance à celui-ci ? Afrique-du-Sud
67%
Quelles sont les principaux lieux touristiques ? E Parc national d'{Etosha}
67%
Achats à faire 5/ Oeuf d' Autruche
47%
Quelles sont les principaux lieux touristiques ? C Bande de {Caprivi}
40%
Quelle est la monnaie ? Dollar namibien
40%
Code sur les plaques minéralogiques NAM
40%
La religion majoritaire est Christianisme
33%
Quels est le climat local ? S Subtropical
20%
Achats à faire 2/ Pierre mauve Améthyste
13%
Achats à faire 3/ Pierre jaune Topaze
13%
Achats à faire 1/ Pierre bleue Aigue-marine
7%
Quelles sont les principaux lieux touristiques ? K Région du {Kaokoland}
7%
Achats à faire 4/ Silicate Tourmaline
0%
Aucun quiz correspondant
Distribution des résultats
% des personnes avec chaque résultat
Percentile par nombre de réponses
Votre historique - résultats
Vous n’avez pas pris ce quiz